Elenca la formazione - Finale Mondiali 2018 - Statistics

Statistiche generali
  • Questo quiz è stato fatto 221 volte
  • Il punteggio medio è 18 su 22
Statistiche sulle risposte
Ruolo Club dell'epoca Calciatore % Corretto
Portiere Tottneham Hugo Lloris
98%
Attaccante Juventus Mario Mandžukić
94%
Centrocampista Manchester United Paul Pogba
94%
Trequartista Atletico Madrid Antoine Griezmann
93%
Centrocampista Real Madrid Luka Modrić
93%
Ala Paris Saint-Germain Kylian Mbappé
92%
Centrocampista Inter Marcelo Brozović
91%
Centrocampista Chelsea N'Golo Kanté
91%
Attaccante Arsenal Olivier Giroud
91%
Difensore Real Madrid Raphaël Varane
91%
Centrocampista Barcellona Ivan Rakitić
90%
Difensore Stoccarda Benjamin Pavard
86%
Attaccante Inter Ivan Perišić
84%
Difensore Barcellona Samuel Umtiti
84%
Difensore Bayern Monaco Lucas Hernández
75%
Ala Juventus Blaise Matuidi
74%
Difensore Liverpool Dejan Lovren
65%
Difensore Atletico Madrid Šime Vrsaljko
65%
Portiere Monaco Danijel Subašić
63%
Difensore Dinamo Kiev Domagoj Vida
53%
Attaccante Eintracht Francoforte Ante Rebić
51%
Difensore Sampdoria Ivan Strinić
37%
Nessun quiz corrispondente trovato
Distribuzione punteggi
Percentuale di utenti per punteggio
Percentile per numero di risposta
I tuoi punteggi nel tempo
Non hai fatto questo quiz